Sports Quiz

Random Sports or MLB Quiz

K.C. Royals leaders for Innings Pitched since 1975 Quiz Stats

 Plays Quiz not verified by Sporcle

Score 0/41 Timer 05:00
0 Plays Today
Year Pitcher % Correct
1989Bret Saberhagen
96.2%
1987Bret Saberhagen
96.2%
1997Kevin Appier
93.9%
1992Kevin Appier
93.9%
1991Kevin Appier
93.9%
2010Zack Greinke
92.4%
2009Zack Greinke
92.4%
2005Zack Greinke
92.4%
1995Mark Gubicza
82.4%
1988Mark Gubicza
82.4%
2014James Shields
80.9%
2013James Shields
80.9%
2015Edinson Volquez
79.5%
1981Dennis Leonard
76.3%
1978Dennis Leonard
76.3%
1977Dennis Leonard
76.3%
1976Dennis Leonard
76.3%
1979Paul Splittorff
74%
1994David Cone
71.8%
1993David Cone
71.8%
1986Charlie Leibrandt
67.9%
Year Pitcher % Correct
1985Charlie Leibrandt
67.9%
1983Larry Gura
62.6%
1982Larry Gura
62.6%
1980Larry Gura
62.6%
2008Gil Meche
58%
2007Gil Meche
58%
1975Steve Busy
50.4%
2001Jeff Suppan
49.6%
2000Jeff Suppan
49.6%
1999Jeff Suppan
49.6%
1984Bud Black
48.1%
1990Tom Gordon
42%
2012Bruce Chen
38.2%
2002Paul Byrd
34.4%
2011Luke Hochevar
33.6%
2004Darrell May
32.8%
2003Darrell May
32.8%
1998Tim Belcher
31.3%
1996Tim Belcher
31.3%
2006Mark Redman
23.7%

You're not logged in!

Compare scores with friends on all Sporcle quizzes.
OR
Log In

Sporcle TV

Today on Sporcle TV


Watch our educational content, quiz creation guides, and fun videos on Sporcle TV.

Show Comments

Extras

Top Quizzes Today


Score Distribution

Your Account Isn't Verified!

In order to create a playlist on Sporcle, you need to verify the email address you used during registration. Go to your Sporcle Settings to finish the process.

Report this User

Report this user for behavior that violates our Community Guidelines.

Details: